Statistiken für Länder, die Äthiopien am Nächsten Liegen - 1 Minute Sprint

Klicken Sie hier um das Quiz zu spielen!

Allgemein

  • Dieses Quiz wurde 78 mal gespielt
  • Das Durchschnittsergebnis liegt bei 13 aus 20

Antwortstatistiken

kmLand% Korrekt
0Somalia
95%
0Sudan
94%
0Eritrea
92%
0Südsudan
90%
0Kenia
85%
649Tansania
82%
0Dschibuti
79%
521Dem Rep Kongo
74%
871Ruanda
74%
195Uganda
73%
978Burundi
68%
1165Tschad
63%
109Jemen
58%
326Saudi-Arabien
56%
1236Oman
55%
681Zentralafrikanische Republik
52%
1548Mosambik
48%
1547Malawi
35%
1383Libyen
26%
1484Seychellen
16%

Verteilung der Resultate

Perzentil nach korrekt beantworteten Fragen

Anzahl Personen mit jedem Resultat

Ihre Resultats-Entwicklung

Sie haben dieses Quiz noch nicht gespielt